Normal view
MARC view
- الابحاث التربوية-اساليب البحث
Entry Topical Term
001 - CONTROL NUMBER
- control field: 59917
003 - CONTROL NUMBER IDENTIFIER
- control field: JO-AjAnu
005 - DATE AND TIME OF LATEST TRANSACTION
- control field: 20230606083808.0
008 - FIXED-LENGTH DATA ELEMENTS
- fixed length control field: 230606|| aca||aabn | a|a d
040 ## - CATALOGING SOURCE
- Original cataloging agency: JO-AjAnu
- Transcribing agency: JO-AjAnu
150 ## - HEADING--TOPICAL TERM
- Topical term or geographic name entry element: الابحاث التربوية-اساليب البحث
670 ## - SOURCE DATA FOUND
- Source citation: Work cat.: (JO-AjAnu)30555: الزويني، ابتسام صاحب موسى، م.مشارك رائدة حسين حميد الموسوي, author 59916, مناهج البحث التربوي